000 00453nam a2200193 a 4500
001 1760786493552
003 ACL
005 20251018165652.0
008 251018s1990##################000#0#eng##
020 _a9788121100465
082 0 4 _a589.222
_bKUM
100 1 _aKumar, Ashok,
_eauthor.
245 1 0 _aThe Amanitaceae of India :
260 _c1990.
300 _a160 pages
650 0 _aAmanitaceae.
942 _cENGLISH
040 _aACL
_beng
_cACL
999 _c592418
_d592418